Welcome to CU Library Online Public Access Catalogue (OPAC)

Baker encyclopedia of psychology & counseling / (Record no. 7110)

MARC details
000 -LEADER
fixed length control field 01256cam a2200361 a 4500
001 - CONTROL NUMBER
control field 740858
003 - CONTROL NUMBER IDENTIFIER
control field OSt
005 - DATE AND TIME OF LATEST TRANSACTION
control field 20250723133023.0
008 - FIXED-LENGTH DATA ELEMENTS--GENERAL INFORMATION
fixed length control field 990224s1999 miu bd 001 0 eng
010 ## - LIBRARY OF CONGRESS CONTROL NUMBER
LC control number 99021768
020 ## - INTERNATIONAL STANDARD BOOK NUMBER
International Standard Book Number 0801021006
040 ## - CATALOGING SOURCE
Original cataloging agency DLC
Transcribing agency DLC
Modifying agency DLC
050 00 - LIBRARY OF CONGRESS CALL NUMBER
Classification number BF31
Item number .B25 1999
082 00 - DEWEY DECIMAL CLASSIFICATION NUMBER
Classification number 150/.3
Edition information 21
245 00 - TITLE STATEMENT
Title Baker encyclopedia of psychology & counseling /
Statement of responsibility, etc. edited by David G. Benner & Peter C. Hill.
246 3# - VARYING FORM OF TITLE
Title proper/short title Baker encyclopedia of psychology and counseling
250 ## - EDITION STATEMENT
Edition statement 2nd ed.
260 ## - PUBLICATION, DISTRIBUTION, ETC.
Place of publication, distribution, etc. Grand Rapids, Mich. :
Name of publisher, distributor, etc. Baker Books,
Date of publication, distribution, etc. c1999.
300 ## - PHYSICAL DESCRIPTION
Extent 1276 p. ;
Dimensions 26 cm.
440 #0 - SERIES STATEMENT/ADDED ENTRY--TITLE
Title Baker reference library
500 ## - GENERAL NOTE
General note Rev. ed. of: Baker encyclopedia of psychology.
504 ## - BIBLIOGRAPHY, ETC. NOTE
Bibliography, etc. note Includes bibliographical references and index.
650 #0 - SUBJECT ADDED ENTRY--TOPICAL TERM
Topical term or geographic name entry element Psychology
Form subdivision Dictionaries.
650 #0 - SUBJECT ADDED ENTRY--TOPICAL TERM
Topical term or geographic name entry element Psychology, Pathological
Form subdivision Dictionaries.
650 #0 - SUBJECT ADDED ENTRY--TOPICAL TERM
Topical term or geographic name entry element Psychotherapy
Form subdivision Dictionaries.
700 1# - ADDED ENTRY--PERSONAL NAME
Personal name Benner, David G.
700 1# - ADDED ENTRY--PERSONAL NAME
Personal name Hill, Peter C.,
Dates associated with a name 1953-
730 0# - ADDED ENTRY--UNIFORM TITLE
Uniform title Baker encyclopedia of psychology.
906 ## - LOCAL DATA ELEMENT F, LDF (RLIN)
a 7
b cbc
c orignew
d 1
e ocip
f 19
g y-gencatlg
942 ## - ADDED ENTRY ELEMENTS (KOHA)
Source of classification or shelving scheme Library of Congress Classification
Koha item type Reference
Suppress in OPAC No
Holdings
Withdrawn status Lost status Source of classification or shelving scheme Damaged status Not for loan Collection Home library Current library Shelving location Date acquired Total checkouts Full call number Barcode Date last seen Copy number Price effective from Koha item type
    Library of Congress Classification     Reference Undergraduate Library (Christ Temple) Undergraduate Library (Christ Temple) General stacks 07/23/2025   BS 440 BAK ulct00004085 07/23/2025 1 07/23/2025 Reference
© 2023-2024 Copyright: Central University Libraries. All Rights Reserved | Created by: Mahone Tech Office